Κατάλογος Βιβλιοθηκών Mediterranean College

Θέματα Κλινικής Ψυχολογίας 2 / Εφαρμοσμένη Κλινική Ψυχολογία στο Χώρο του Σχολείου: Παρεμβάσεις Βασισμένες στις Θεωρίες της Μάθησης (Record no. 310)

MARC details
000 -LEADER
fixed length control field 01757cam a22001934a 4500
005 - ΗΜΕΡΟΜΗΝΙΑ ΚΑΙ ΩΡΑ ΤΕΛΕΥΤΑΙΑΣ ΕΝΗΜΕΡΩΣΗΣ
Πεδίο ελέγχου 20250605163931.0
008 - FIXED-LENGTH DATA ELEMENTS--GENERAL INFORMATION
Πεδίο ελέγχου σταθερού μήκους 250528s ||||||||||||||||||||||||d
035 ## - SYSTEM CONTROL NUMBER
System control number 14689
040 ## - ΠΗΓΗ ΚΑΤΑΛΟΓΟΓΡΑΦΗΣΗΣ
Φορέας πρωτότυπης καταλογογράφησης MC Athens Campus Library
Γλώσσα καταλογογράφησης Ελληνικά, Μοντέρνα (1453-)
Modifying agency MC Athens Campus Library
Κανόνες περιγραφικής καταλογογράφησης AACR2
245 1# - ΤΙΤΛΟΣ ΚΑΙ ΔΗΛΩΣΗ ΥΠΕΥΘΥΝΟΤΗΤΑΣ
Τίτλος Θέματα Κλινικής Ψυχολογίας 2 / Εφαρμοσμένη Κλινική Ψυχολογία στο Χώρο του Σχολείου: Παρεμβάσεις Βασισμένες στις Θεωρίες της Μάθησης
250 ## - EDITION STATEMENT
Edition statement
260 ## - PUBLICATION, DISTRIBUTION, ETC.
Name of publisher, distributor, etc. Ελληνικά Γράμματα,
Date of publication, distribution, etc. 1996
300 ## - PHYSICAL DESCRIPTION
Extent 164
520 ## - SUMMARY, ETC.
Summary, etc. Εισαγωγικό Σημείωμα, Θεωρητικές Εξελίξεις, Επιπτώσεις στις Νεότερες Θεωρίες της Μάθησης, Ψυχολογικές Παρεμβάσεις στα Πλαίσια του Σχολείου, Οι Εκπαιδευτικοί ως ''Ενδιάμεσοι Σύμβουλοι'', Θεραπεία της Συμπεριφοράς (Behavior Therapy), Πώς Τροποποιείται η Συμπεριφορά, Τεχνικές της Τροποποίησης της Συμπεριφοράς, Εφαρμογές, Συνεργασία με Γονείς στα Πλαίσια του Σχολείου, Γονείς Παιδιών με Ειδικές Εκπαιδευτικές Ανάγκες, Διάφορα Προγράμματα Παρέμβασης, Μαθησιακές Δυσκολίες, Επιθετική Συμπεριφορά, Φοβίες, Δειλία, Προγράμματα για παιδιά με Ειδικές Ανάγκες, Παράρτημα, Βιβλιογραφία.
700 1# - ΠΡΟΣΘΕΤΗ ΑΝΑΓΡΑΦΗ--ΦΥΣΙΚΟ ΠΡΟΣΩΠΟ
Personal name Καλαντζή-Αζίζι Αναστασία
9 (RLIN) 164
942 ## - ADDED ENTRY ELEMENTS (KOHA)
Koha item type Books
Holdings
Τύπος τεκμηρίου Βιβλιοθήκη Τρέχουσα τοποθεσία Barcode Αριθμός εισαγωγής Ημερομηνία απόκτησης Ταξιθετικό σύμβολο Αριθμός αντιτύπου Κατάσταση απόσυρσης Κατάσταση χαμένου Κατάσταση κατεστραμμένου Μη δανεισμός Σύνολο δανεισμών Ημερομηνία τελευταίας εμφάνισης Η τιμή ισχύει από
Books MC Athens Campus Library MC Athens Campus Library 9780000003096 3733 05/06/2025 158.9 KAL V.2 1           05/06/2025 05/06/2025

MC Athens Campus Library
Πατησίων 94 & Κοδριγκτώνος 13, 104 34
Πελλήνης 8 & Πατησίων 107, 112 51
Τ: +30 210 8899600

MC Thessaloniki Campus Library
Ίωνος Δραγούμη 21, 54625 | Ίωνος Δραγούμη 15, 54625
Τ: +30 2310 287779 – Τ: +30 2314 440300